[Event "Moscow ACF Botvinnik Memorial"]
[Site "Moscow"]
[Date "2018.08.14"]
[Round "7.7"]
[White "Atabayev, Maksat"]
[Black "Urmonov, Davron"]
[Result "1-0"]
[WhiteElo "2505"]
[BlackElo "1593"]
[PlyCount "83"]
[EventDate "2018.08.10"]
[EventType "team-swiss"]
[EventRounds "7"]
[EventCountry "RUS"]
[SourceTitle "CBM 186 Extra"]
[Source "ChessBase"]
[SourceDate "2018.08.24"]
[SourceVersion "1"]
[SourceVersionDate "2018.08.24"]
[SourceQuality "1"]
[WhiteTeam "Turkmenistan"]
[BlackTeam "Uzbekistan"]
[WhiteTeamCountry "TKM"]
[BlackTeamCountry "UZB"]

1. Nf3 d5 2. b3 Nf6 3. Bb2 Bf5 4. g3 e6 5. Bg2 Be7 6. 0-0 h6 7. d3 0-0 8. Nbd2 c6 9. Qe1 Nbd7 10. e4 dxe4 11. dxe4 Bh7 12. Qe2 Nc5 13. Ne5 Qb6 14. Ng4 Ncd7 15. Nc4 Qc7 16. a4 Nxg4 17. Qxg4 Bf6 18. Bxf6 Nxf6 19. Qe2 e5 20. f3 b5 21. Nb2 Rfd8 22. Rfd1 a6 23. Bh3 Ne8 24. Nd3 c5 25. Qe3 c4 26. bxc4 bxc4 27. Nb4 Nf6 28. Rxd8+ Rxd8 29. a5 Qd6 30. c3 Nd7 31. Bf1 Rc8 32. Be2 f5 33. Rd1 Qe6 34. Qa7 Nf6 35. exf5 Qxf5 36. Qxa6 Kh8 37. g4 Nxg4 38. fxg4 Qf8 39. Qb6 Rb8 40. Qe3 Qf7 41. a6 Qc7 42. Rd5 1-0